100 Jahre Universität Hamburg : (Titelsatznr. 74086)
[ MARC ]
| 000 -Satzkennung | |
|---|---|
| Kontrollfeld mit fester Länge | 01564nam a22003973ic4500 |
| 001 - Kontrollnummer | |
| Kontrollfeld | EBC31477257 |
| 003 - Kontrollnummer Identifier | |
| Kontrollfeld | MiAaPQ |
| 005 - Datum und Zeit der letzten Transaktion | |
| Kontrollfeld | 20260417130737.0 |
| 007 - Feld mit fester Länge zur physischen Beschreibung - Allgemeine Information | |
| Kontrollfeld mit fester Länge | cr cnu|||||||| |
| 008 - Feld mit fester Länge zur physischen Beschreibung - Allgemeine Angaben | |
| Kontrollfeld mit fester Länge | 260416s2024 xx o ||||0 ger d |
| 020 ## - Internationale Standardbuchnummer | |
| Internationale Standardbuchnummer | 9783835385160 |
| Nähere Angaben | (electronic bk.) |
| 020 ## - Internationale Standardbuchnummer | |
| Gelöschte/ungültige ISBN | 9783835352230 |
| 040 ## - Katalogisierungsquelle | |
| Original-Katalogisierungsstelle | MiAaPQ |
| Katalogisierungssprache | eng |
| Übertragungsstelle | MiAaPQ |
| 100 1# - Haupteintragung - Personenname | |
| Personenname | Krause, Eckart. |
| Koha-Normdatenidentnummer | 9737 |
| 245 10 - Titel | |
| Titel | 100 Jahre Universität Hamburg : |
| Zusatz zum Titel | Studien Zur Universitäts- und Wissenschaftsgeschichte in Vier Bänden. Band 4: Mathematik. Informatik. Naturwissenschaften. Medizin. |
| 250 ## - Ausgabebezeichnung | |
| Ausgabebezeichnung | 1st ed. |
| 264 #1 - Produktion, Veröffentlichung, Distribution, Herstellung und Urheberrechtsvermerk | |
| Herstellungs-, Veröffentlichungs- Vertriebs-, Erzeugungsort | Göttingen : |
| Produzent, Herausgeber, Distributor, Hersteller | Wallstein Verlag, |
| Datum der Herstellung, der Veröffentlichung, des Vertriebs oder des Urheberschutzvermerks | 2024. |
| 264 #4 - Produktion, Veröffentlichung, Distribution, Herstellung und Urheberrechtsvermerk | |
| Datum der Herstellung, der Veröffentlichung, des Vertriebs oder des Urheberschutzvermerks | {copy}2024. |
| 300 ## - Physische Beschreibung | |
| Umfang | 1 online resource (1060 pages) |
| 336 ## - Inhaltstyp | |
| Inhaltstypterm | Text |
| Inhaltstypcode | txt |
| Quelle | rdacontent |
| 337 ## - Medientyp | |
| Bezeichnung des Medientyps | Computermedien |
| Medientypcode | c |
| Quelle | rdamedia |
| 338 ## - Datenträgertyp | |
| Datenträgertypbezeichnung | Online Resource |
| Datenträgertypcode | cr |
| Quelle | rdacarrier |
| 490 0# - Gesamttitelangabe | |
| Gesamttitelangabe | Studien Zur Hamburger Universitäts- und Wissenschaftsgeschichte in Vier Bänden Series |
| 500 ## - Allgemeine Fußnote | |
| Allgemeine Fußnote | E-Book-ProQuest / Fernzugriff nach Registrierung möglich |
| 653 ## - Indexierungsterm - Nicht normiert | |
| Nicht-normierter Term | Computer science. |
| 655 ## - Indexierungsterm - Genre/Form | |
| Genre/Form oder fokussierter Term | Fernzugriff |
| Koha-Normdatenidentnummer | 230 |
| 655 #4 - Indexierungsterm - Genre/Form | |
| Genre/Form oder fokussierter Term | |
| 700 1# - Nebeneintragung - Personenname | |
| Personenname | Nicolaysen, Rainer. |
| Koha-Normdatenidentnummer | 9736 |
| 700 1# - Nebeneintragung - Personenname | |
| Personenname | Zimmermann, Gunnar B. |
| Koha-Normdatenidentnummer | 9738 |
| 773 ## - Übergeordnete Einheit | |
| Zählung und erste Seite | Band4 |
| Datensatzkontrollnummer | 1669544109 |
| 776 08 - Andere physische Form | |
| Verweisungsphrase | Print version: |
| Haupteintragung | Krause, Eckart |
| Titel | 100 Jahre Universität Hamburg |
| Ort, Verlag und Erscheinungsjahr | Göttingen : Wallstein Verlag,c2024 |
| Internationale Standardbuchnummer | 9783835352230 |
| 856 40 - Elektronische Adresse und Zugriff | |
| URL | <a href="https://ebookcentral.proquest.com/lib/maxweberstiftung-ebooks/detail.action?docID=31477257">https://ebookcentral.proquest.com/lib/maxweberstiftung-ebooks/detail.action?docID=31477257</a> |
| OPAC-Notiz | Volltext |
| 942 ## - Zusätzliche Felder (Koha) | |
| Koha-Medientyp | E-Books |
| Klassifikation oder Aufstellungssystematik | Andere/Generische Klassifikation |
| Ausgeschieden | Verloren | Klassifikation oder Aufstellungssystematik | Beschädigt | Nicht entleihbar | Heimatbibliothek | Aufenthaltsbibliothek | Aufstellungsort | Erwerbungsdatum | Inventarnummer | Signatur | Barcode | Letzte Aktivität | Preis gültig von | Koha-Medientyp |
|---|---|---|---|---|---|---|---|---|---|---|---|---|---|---|
| Andere/Generische Klassifikation | MWN Osteuropa | MWN Osteuropa | Online-Ressource | 16/04/2026 | 26-e00326 | E-26-e00326 | 77023 | 16/04/2026 | 16/04/2026 | E-Books |